Normal view
MARC view
- Baksi Saikat
Entry Personal Name
001 - CONTROL NUMBER
- control field: 7652
003 - CONTROL NUMBER IDENTIFIER
- control field: OSt
005 - DATE AND TIME OF LATEST TRANSACTION
- control field: 20230127102005.0
008 - FIXED-LENGTH DATA ELEMENTS
- fixed length control field: 230127|| aca||aabn | a|a d
040 ## - CATALOGING SOURCE
- Original cataloging agency: OSt
- Transcribing agency: OSt
100 ## - HEADING--PERSONAL NAME
- Personal name: Baksi Saikat
670 ## - SOURCE DATA FOUND
- Source citation: Work cat.: (OSt)12225: Baksi Saikat, Something in your Eyes